Тест на общие знания №7 - Statistics

General Stats
  • This quiz has been taken 74 times
  • The average score is 8 of 20
Answer Stats
Вопрос Ответ % Correct
Что можно сделать с текстом, выделив его и зажав комбинацию клавиш Ctrl + C? скопировать
92%
К какой части речи относятся слова "а", "но" и "или"? союз
71%
В каком фильме Райан Гослинг и Марго Робби играют роли кукол? "Барби"
69%
Какая река проходит через четыре европейских столицы? Дунай
56%
Что означает буква "А" в аббревиатуре НАТО? Атлантический
52%
Назовите супергеройское альтер-эго Брюса Беннера Халк
42%
Какая лженаука занимается изучением НЛО? уфология
40%
Как называется гонка между суднами? регата
38%
Какой слой атмосферы поглощает большую часть ультрафиолетового излучения? озоновый слой
38%
Какая страна раньше называлась Сиам? Таиланд
35%
Какая книга повествует о группе школьников, которые одичали на необитаемом острове и развязали войну друг с другом? "Повелитель мух"
31%
Настоящее имя какого музыканта - Маршалл Брюс Мэтерс III? Эминем
31%
В какой известной песне можно услышать слова "Galileo Figaro Magnifico"? "Bohemian Rhapsody"
27%
На производство чего в Японии тратится больше бумаги, чем на производство туалетной бумаги? манга
23%
Какой звук издаёт сверчок? стрекот
23%
Чьих племянников зовут Хьюи, Дьюи и Луи? Скрудж Макдак
23%
Какой субъект России с 1921-го по 1944-й годы был независимой республикой? Тыва
23%
В какой части человеческого тела можно найти зону Вернике? головной мозг
21%
Какая страна названа в честь родного города колонизатора, открывшего эту землю? Венесуэла
17%
Какой цветок известен тем, что поглощает радиацию настолько хорошо, что их высаживают на местах техногенных катастроф? подсолнух
10%
No matching quizzes found
Score Distribution
Percent of People with Each Score
Percentile by Number Answered
Your Score History
You have not taken this quiz